[Event "Departementale Loire"]
[Site "?"]
[Date "2003.12.14"]
[Round "2"]
[White "Giroux, Sylvain"]
[Black "Pareux, Marc"]
[Result "0-1"]
[WhiteElo "1399"]
[BlackElo "1570"]
[PlyCount "90"]

1. e4 g6 2. Nf3 Bg7 3. Bc4 c6 4. Ng5 d5 5. exd5 cxd5 6. Bb5+ Bd7 7. Qe2 Nf6 8.
Na3 O-O 9. O-O a6 10. Bxd7 Nbxd7 11. c4 e6 12. Qd3 Rc8 13. b3 dxc4 14. Nxc4 Nd5
15. Qg3 Bxa1 16. Bb2 Bxb2 17. Nxb2 Qf6 18. Qg4 Qg7 19. Re1 Rc2 20. Nc4 Rc8 21.
Nd6 Rc1 22. Kf1 Rxe1+ 23. Kxe1 Rc1+ 24. Ke2 Qe5+ 25. Nge4 N7f6 26. Kf3 Qh5 27.
Qxh5 Nxh5 28. Ng5 f6 29. Nxe6 Rc6 30. Nxb7 Rxe6 31. g4 Ng7 32. Nd8 Re8 33. Nc6
Ne6 34. h4 Nef4 35. a4 Kf7 36. b4 Re2 37. d4 Rb2 38. b5 axb5 39. a5 Ra2 40. Ke4
Rxf2 41. a6 Ra2 42. a7 b4 43. g5 b3 44. gxf6 Kxf6 45. Kf3 b2 0-1

[Event "Departementale Loire"]
[Site "?"]
[Date "2003.12.14"]
[Round "2"]
[White "Vaughan, Luiz"]
[Black "Paratcha, Yohan"]
[Result "0-1"]
[WhiteElo "1499"]
[BlackElo "1199"]
[PlyCount "53"]

1. d4 d5 2. e3 Nc6 3. Nf3 Bg4 4. Be2 e6 5. O-O Bd6 6. Nc3 Nf6 7. Bb5 e5 8. Qe1
Bxf3 9. gxf3 O-O 10. Bxc6 bxc6 11. Ne2 e4 12. fxe4 dxe4 13. Ng3 Qd7 14. f4 exf3
15. Rxf3 Rae8 16. Bd2 Nd5 17. e4 c5 18. Qf2 Bxg3 19. Qxg3 cxd4 20. exd5 Qxd5
21. Bh6 Qe5 22. Kf1 Re7 23. Rf5 Qxg3 24. hxg3 g6 25. Rd5 c6 26. Rxd4 c5 27. Rd6
{Suite illisible} 0-1

[Event "Departementale Loire"]
[Site "?"]
[Date "2003.12.14"]
[Round "2"]
[White "Farge, Damien"]
[Black "Carrot, Patrick"]
[Result "0-1"]
[WhiteElo "1610"]
[BlackElo "1780"]
[PlyCount "51"]

1. e4 c5 2. Nf3 d6 3. d4 cxd4 4. Nxd4 Nf6 5. Nc3 a6 6. f3 e6 7. Bc4 Be7 8. Be3
O-O 9. h4 Nc6 10. Qd2 Na5 11. Bb3 b5 12. g4 Nxb3 13. Nxb3 e5 14. h5 Be6 15. g5
Nd7 16. g6 Bh4+ 17. Bf2 Bxf2+ 18. Qxf2 fxg6 19. hxg6 h6 20. O-O-O Qg5+ 21. Kb1
Qxg6 22. Rxd6 Kf7 23. Nd5 Nf6 24. Nc5 Bxd5 25. exd5 Rac8 26. Ne6 {
Suite illisible} 0-1

[Event "Departementale Loire"]
[Site "?"]
[Date "2003.12.14"]
[Round "2"]
[White "Gaillard, Pierre"]
[Black "Rogues, Jean-Luc"]
[Result "1-0"]
[WhiteElo "1690"]
[BlackElo "1530"]
[PlyCount "73"]

1. Nf3 d5 2. d4 Nf6 3. c4 e6 4. Nc3 Bb4 5. Qa4+ Nc6 6. Bg5 Bd7 7. Qc2 O-O 8. a3
Be7 9. e3 dxc4 10. Bxc4 Nd5 11. Ne4 f5 12. Bxe7 Ncxe7 13. Nc5 b6 14. Nxd7 Qxd7
15. O-O Qd6 16. Rac1 c6 17. Rfd1 b5 18. Be2 Rac8 19. b4 Nf6 20. Qc5 Ne4 21.
Qxd6 Nxd6 22. Ne5 Nf7 23. Nd7 Rfd8 24. Nc5 g6 25. Nxe6 Rd6 26. Nc5 Nd8 27. Rc2
Nd5 28. Rdc1 Kg7 29. Na6 Ne7 30. g3 g5 31. Bxb5 cxb5 32. Rxc8 Nxc8 33. Rxc8
Rxa6 34. Rxd8 Rxa3 35. Rd5 a5 36. Rxf5 axb4 37. Rxg5+ 1-0

[Event "Departementale Loire"]
[Site "?"]
[Date "2003.12.14"]
[Round "2"]
[White "Bruyas, Benjamin"]
[Black "Megnot, Philippe"]
[Result "0-1"]
[WhiteElo "1250"]
[BlackElo "1150"]
[PlyCount "60"]

1. Nf3 Nf6 2. c4 e6 3. Nc3 d5 4. cxd5 exd5 5. d4 Bb4 6. Bg5 h6 7. Bh4 O-O 8. e3
Nbd7 9. g3 Qe8 10. Bxf6 Nxf6 11. Bg2 Ne4 12. Qd3 a6 13. O-O Bxc3 14. bxc3 Bd7
15. a4 b5 16. a5 Rb8 17. Rab1 Qc8 18. Ne5 Bf5 19. Nc6 Qd7 20. Nxb8 Rxb8 21. Rb2
Nxg3 22. Qd1 Nxf1 23. Qxf1 Qe6 24. Re2 Bd3 25. Kh1 Qc6 26. Qd1 Bxe2 27. Qxe2
Rd8 28. Qb2 Qc4 29. Kg1 Qa4 30. e4 Qd1+ 0-1

[Event "Departementale Loire"]
[Site "?"]
[Date "2003.12.14"]
[Round "2"]
[White "Montroussier, Jacques"]
[Black "Geraci, Georges"]
[Result "1-0"]
[WhiteElo "1560"]
[BlackElo "1499"]
[PlyCount "57"]

1. e4 e5 2. Nf3 Nc6 3. Bc4 Nf6 4. O-O d6 5. d3 Bd7 6. Nc3 Be7 7. Ng5 Bg4 8. f3
Be6 9. Nxe6 fxe6 10. Bxe6 Nd4 11. Bc4 Qd7 12. Be3 O-O-O 13. f4 g6 14. fxe5 dxe5
15. Bg5 c6 16. Bxf6 Rhf8 17. Bxe5 Bc5 18. Na4 Nxc2+ 19. Nxc5 Ne3 20. Nxd7 Nxd1
21. Nxf8 b6 22. Be6+ Kb7 23. Rf7+ Ka6 24. Rxd1 Re8 25. a4 h6 26. Rc1 c5 27.
Bc4+ Ka5 28. Bc3+ Kxa4 29. Rxa7# 1-0

[Event "Departementale Loire"]
[Site "?"]
[Date "2003.12.14"]
[Round "2"]
[White "Marazian, Antoine"]
[Black "Bonnet, Mickael"]
[Result "1-0"]
[WhiteElo "1870"]
[BlackElo "1299"]
[PlyCount "29"]

1. e4 Nf6 2. e5 Nd5 3. c4 Nb6 4. Nc3 e6 5. d4 Bb4 6. Bd2 Bxc3 7. bxc3 O-O 8.
Qg4 g6 9. Bg5 h5 10. Qh4 Qe8 11. Bd3 d6 12. Bf6 Qc6 13. Qg5 N8d7 14. Qh6 Nxf6
15. exf6 1-0

[Event "Departementale Loire"]
[Site "?"]
[Date "2003.12.14"]
[Round "2"]
[White "Chalendar, Antoine"]
[Black "Bournez, Gerard"]
[Result "1-0"]
[WhiteElo "1299"]
[BlackElo "1430"]
[PlyCount "97"]

1. Nf3 d5 2. d4 Nf6 3. Bf4 Ne4 4. Nbd2 Nxd2 5. Qxd2 e6 6. e3 c5 7. Be2 c4 8. b3
b5 9. O-O Nc6 10. Ne5 Bb7 11. Bh5 Nxe5 12. Bxe5 Qg5 13. Qa5 Qe7 14. Qxb5+ Qd7
15. Bxf7+ Ke7 16. Qxd7+ Kxd7 17. Bh5 Ke7 18. Bf3 Ba6 19. Be2 Rg8 20. bxc4 dxc4
21. c3 Kf7 22. Bf3 Rc8 23. d5 Bc5 24. Bg4 exd5 25. Bxc8 Rxc8 26. Rfd1 Bb7 27.
e4 Rd8 28. Rd2 Rd7 29. Rad1 Ke6 30. Bg3 Bc6 31. exd5+ Bxd5 32. Re2+ Kf7 33. Re5
Bc6 34. Rxd7+ Bxd7 35. Rxc5 Be6 36. Rc7+ Kg6 37. Rxa7 h6 38. a4 Bd5 39. Kf1 Kf6
40. Rc7 g5 41. a5 h5 42. a6 Ke6 43. a7 h4 44. Bxh4 gxh4 45. Rh7 Kd6 46. Rh8 Kc7
47. a8=Q Bxa8 48. Rxa8 Kd6 49. Rh8 1-0

[Event "Departementale Loire"]
[Site "?"]
[Date "2003.12.14"]
[Round "2"]
[White "Rivolier, Loic"]
[Black "Bonnevialle, Benjamin"]
[Result "1/2-1/2"]
[WhiteElo "1380"]
[BlackElo "1299"]
[PlyCount "105"]

1. e4 Nc6 2. Nf3 Nf6 3. Nc3 e5 4. Bb5 Bd6 5. O-O O-O 6. d4 Ng4 7. Nxe5 Ngxe5 8.
dxe5 Bxe5 9. Nd5 Qh4 10. f4 Bd4+ 11. Kh1 d6 12. Nxc7 Bg4 13. Qd3 Nb4 14. Qxd4
Nxc2 15. Qc3 Nxa1 16. Nxa8 Rxa8 17. b3 Qf6 18. Qxf6 gxf6 19. Bd3 Rc8 20. Bb2
Nc2 21. Rc1 Nb4 22. Rxc8+ Bxc8 23. Bc4 Nxa2 24. Bxf6 Be6 25. Bxe6 fxe6 26. Kg1
Kf7 27. Bd4 a5 28. Bb6 d5 29. exd5 exd5 30. Kf2 Nc1 31. Bxa5 Nxb3 32. Bb6 Nc1
33. Ke3 Kf6 34. Kd4 Kf5 35. Kxd5 Kxf4 36. Kd6 Nd3 37. Kc7 Ne1 38. g3+ Kg4 39.
h4 Nf3 40. Kxb7 h5 41. Bc7 Ne1 42. Kc6 Ng2 43. Kd5 Ne3+ 44. Ke4 Nf5 45. Bb8
Nxg3+ 46. Bxg3 Kxg3 47. Ke3 Kxh4 48. Kf2 Kg4 49. Kg2 h4 50. Kh2 h3 51. Kh1 Kg3
52. Kg1 h2+ 53. Kh1 1/2-1/2

[Event "Departementale Loire"]
[Site "?"]
[Date "2003.12.14"]
[Round "2"]
[White "Barbier, Thomas"]
[Black "Thevenet, Olivier"]
[Result "0-1"]
[WhiteElo "1199"]
[BlackElo "1499"]
[PlyCount "134"]

1. d4 f5 2. Bf4 g6 3. e3 Nf6 4. Nf3 Bg7 5. Bc4 e6 6. O-O O-O 7. Nc3 b6 8. Ne5
Bb7 9. Bg5 Qe7 10. Bxf6 Bxf6 11. Bb5 d6 12. Nd3 e5 13. dxe5 dxe5 14. Nb4 c6 15.
Bc4+ Kg7 16. f4 Nd7 17. fxe5 Bxe5 18. Nd3 Bxc3 19. bxc3 Rad8 20. Nf4 Ne5 21.
Ne6+ Kh8 22. Nxd8 Rxd8 23. Qe2 c5 24. Rad1 Re8 25. Bb5 Rf8 26. Rd2 a6 27. Bxa6
Ba8 28. Qb5 Qe6 29. Qe2 Qxa2 30. e4 Qe6 31. exf5 gxf5 32. Bc4 Qf6 33. Ba2 Nf7
34. Bxf7 Rxf7 35. Qe8+ Rf8 36. Qd7 Qxc3 37. Rxf5 Rxf5 38. Qxf5 h6 39. Rd8+ Kg7
40. Qf8+ Kg6 41. Qd6+ Qf6 42. Rg8+ Kf5 43. Qd3+ Be4 44. Qd7+ Kf4 45. Qg4+ Ke3
46. Qg3+ Kd4 47. c3+ Kd5 48. Rd8+ Kc6 49. Qb8 Kb5 50. Qa7 Qxc3 51. Qd7+ Kb4 52.
Qd1 Qc2 53. Qe1+ Kb5 54. Rd2 Qa4 55. Rb2+ Kc6 56. Re2 Bd5 57. Rb2 Qe4 58. Qg3
Qd4+ 59. Kf1 Qxb2 60. Qg6+ Kb5 61. Qxh6 Qxg2+ 62. Ke1 Qe4+ 63. Kf2 c4 64. h4
Qf5+ 65. Kg3 c3 66. Qc1 Qf3+ 67. Kh2 Qg2# 0-1

[Event "Departementale Loire"]
[Site "?"]
[Date "2004.03.28"]
[Round "3"]
[White "Celette, Robert"]
[Black "Adamus, Jeremy"]
[Result "1-0"]
[WhiteElo "2080"]
[BlackElo "1910"]
[PlyCount "44"]

1. c4 e5 2. Nc3 c6 3. e4 Nf6 4. d4 exd4 5. Qxd4 Qb6 6. Qxb6 axb6 7. Bd3 Bb4 8.
Bd2 Na6 9. e5 Ng8 10. Nf3 Nc5 11. Bc2 Ne7 12. O-O O-O 13. Ne4 Bxd2 14. Nfxd2
Nxe4 15. Nxe4 Nf5 16. Ng5 h6 17. Nf3 Ne7 18. a3 Ng6 19. g3 Re8 20. Rfe1 Rd8 21.
Rad1 Ra5 22. e6 d5 1-0

[Event "Departementale Loire"]
[Site "?"]
[Date "2004.03.28"]
[Round "3"]
[White "Clement, Paul"]
[Black "Testard, Philippe"]
[Result "1-0"]
[WhiteElo "1900"]
[BlackElo "2020"]
[PlyCount "75"]

1. Nf3 Nf6 2. g3 g6 3. Bg2 Bg7 4. O-O O-O 5. d3 d6 6. Nbd2 e5 7. e4 Nc6 8. c3
Bg4 9. h3 Bd7 10. Qe2 Re8 11. b4 a6 12. Nb3 h6 13. Bd2 Qe7 14. c4 Rad8 15. a4
Nh5 16. b5 Nb8 17. Rab1 Bc8 18. Nh4 b6 19. Nf5 gxf5 20. Qxh5 Qf6 21. a5 axb5
22. cxb5 bxa5 23. Bxa5 Re7 24. Rfc1 Be6 25. Rxc7 Rde8 26. Nd2 f4 27. Nc4 Bc8
28. Rxe7 Qxe7 29. Bb4 Rd8 30. gxf4 exf4 31. Nb6 Bb7 32. Nd5 Qg5 33. Qxg5 hxg5
34. Ne7+ Kf8 35. Nf5 Be5 36. d4 Bf6 37. e5 Be7 38. Bxb7 1-0

[Event "Departementale Loire"]
[Site "?"]
[Date "2004.03.28"]
[Round "3"]
[White "Chomier, Frederic"]
[Black "Fuster, Pierre"]
[Result "0-1"]
[WhiteElo "2020"]
[BlackElo "1900"]
[PlyCount "72"]

1. e4 e6 2. d4 d5 3. e5 c5 4. c3 Nc6 5. Nf3 Qb6 6. a3 c4 7. g3 Nh6 8. Bh3 Be7
9. O-O Bd7 10. Nbd2 Na5 11. Rb1 Nf5 12. Qc2 O-O 13. Re1 Rae8 14. Nf1 Qd8 15.
Bxf5 exf5 16. Ne3 f4 17. Nxd5 fxg3 18. Nxe7+ Rxe7 19. fxg3 f6 20. e6 Bxe6 21.
Bf4 Rfe8 22. Kf2 Qd5 23. Qd1 Bf5 24. Rxe7 Rxe7 25. Ra1 Nb3 26. Ra2 Bg4 27. h4
h6 28. a4 Qe4 29. d5 g5 30. Bd6 Re8 31. a5 Nc1 32. Ra1 Nd3+ 33. Kg2 Qe2+ 34.
Qxe2 Rxe2+ 35. Kf1 Bxf3 36. a6 Rh2 0-1

[Event "Departementale Loire"]
[Site "?"]
[Date "2004.05.03"]
[Round "3"]
[White "Pignatelli, David"]
[Black "Aumont, Georges"]
[Result "0-1"]
[WhiteElo "1499"]
[BlackElo "1860"]
[PlyCount "60"]

1. d4 Nf6 2. e3 g6 3. c4 Bg7 4. Nf3 c5 5. Nbd2 d6 6. Be2 O-O 7. O-O e6 8. b3
Nc6 9. Ba3 b6 10. Bb2 Bb7 11. e4 cxd4 12. Nxd4 Nxd4 13. Bxd4 Nxe4 14. Bxg7 Nxd2
15. Qxd2 Kxg7 16. Qc3+ Qf6 17. Qxf6+ Kxf6 18. Rfd1 Rfd8 19. Rd2 Rd7 20. Rad1
Rad8 21. f3 d5 22. f4 d4 23. g3 e5 24. fxe5+ Kxe5 25. Re1 Be4 26. Bf3 f5 27. h3
d3 28. Bxe4 fxe4 29. Re3 Kd4 30. Kf2 Rf8+ 0-1

[Event "Departementale Loire"]
[Site "?"]
[Date "2004.03.28"]
[Round "3"]
[White "Bec, William"]
[Black "Deville, Olivier"]
[Result "1/2-1/2"]
[WhiteElo "2089"]
[BlackElo "2040"]
[PlyCount "94"]

1. d4 d5 2. c4 e6 3. Nc3 c6 4. Nf3 dxc4 5. a4 Bb4 6. e3 b5 7. Ne5 Nf6 8. Bd2 a5
9. g4 Bb7 10. Bg2 O-O 11. axb5 Qc7 12. Qf3 Bxc3 13. Bxc3 Nd5 14. b6 Qxb6 15.
Nxc4 Qb3 16. Nd2 Qc2 17. Qe4 Qxe4 18. Nxe4 Nxc3 19. Nxc3 Nd7 20. Na4 Nf6 21. g5
Nd5 22. Bxd5 cxd5 23. Nc5 Bc6 24. b3 Rfb8 25. Kd2 Rb4 26. Rhc1 Be8 27. Rc2 Kf8
28. Rca2 Rb5 29. h4 Ke7 30. f4 Kd6 31. h5 Bc6 32. Kc3 Be8 33. Rxa5 Raxa5 34.
Rxa5 Rxa5 35. Nb7+ Kc6 36. Nxa5+ Kb6 37. b4 h6 38. Nb3 Bb5 39. Nc5 Be2 40. g6
Bxh5 41. gxf7 Bxf7 42. Nd7+ Kb5 43. Ne5 Be8 44. Nf3 Bh5 45. Ne5 Be8 46. Nf3 Bh5
47. Ne5 Be8 1/2-1/2

[Event "Departementale Loire"]
[Site "?"]
[Date "2004.03.28"]
[Round "3"]
[White "Chabas, Jean-Luc"]
[Black "Simon, Joel"]
[Result "1/2-1/2"]
[WhiteElo "1580"]
[BlackElo "1620"]
[PlyCount "69"]

1. e4 d6 2. d4 Nf6 3. Nc3 g6 4. Be2 Bg7 5. Be3 O-O 6. h3 c5 7. d5 b5 8. Bxb5
Nxe4 9. Nge2 Nxc3 10. Nxc3 Qa5 11. Qd3 Bf5 12. Qc4 Bxc2 13. O-O a6 14. Ba4 Bxa4
15. Nxa4 Nd7 16. Rfd1 Ne5 17. Qc2 Rab8 18. Rab1 Nd7 19. Bd2 Qb5 20. Nc3 Qb7 21.
Be1 Nf6 22. Qe2 Rfe8 23. Qc4 Nd7 24. Qf4 Ne5 25. g4 c4 26. Qe3 Nd3 27. Rxd3
cxd3 28. Qxd3 Bxc3 29. Bxc3 Qb5 30. Qd4 f6 31. Rf1 Qd7 32. Qd2 e5 33. dxe6 Rxe6
34. Rd1 Rbe8 35. Qd3 1/2-1/2

[Event "Departementale Loire"]
[Site "?"]
[Date "2004.03.28"]
[Round "3"]
[White "Pareux, Marc"]
[Black "Gidrol, Thibault"]
[Result "1-0"]
[WhiteElo "1540"]
[BlackElo "1440"]
[PlyCount "69"]

1. d4 d5 2. e4 e6 3. Be3 b6 4. e5 c5 5. c3 Nc6 6. f4 Be7 7. Nf3 cxd4 8. cxd4
Bb4+ 9. Nbd2 Nge7 10. a3 Bxd2+ 11. Qxd2 O-O 12. Bd3 Ng6 13. O-O f5 14. exf6
Rxf6 15. Ne5 Ncxe5 16. fxe5 Rxf1+ 17. Rxf1 Qh4 18. Rf3 Qe7 19. Bg5 Qe8 20. Qc2
Bb7 21. h4 Rc8 22. Qb1 Bc6 23. h5 Ne7 24. Bxh7+ Kh8 25. h6 Nf5 26. Bxf5 exf5
27. hxg7+ Kxg7 28. Qxf5 Rc7 29. Bf6+ Kg8 30. Rg3+ Kf8 31. Rh3 Rg7 32. Bxg7+
Kxg7 33. Rg3+ Kh6 34. Qg5+ Kh7 35. Qg7# 1-0

[Event "Departementale Loire"]
[Site "?"]
[Date "2004.03.28"]
[Round "3"]
[White "Janisset, Franck"]
[Black "Vaughan, Luiz"]
[Result "0-1"]
[WhiteElo "1099"]
[BlackElo "1499"]
[PlyCount "84"]

1. c3 e5 2. Nf3 Nc6 3. Qb3 d5 4. c4 e4 5. cxd5 exf3 6. dxc6 b6 7. Qxf3 Nf6 8.
g3 Bc5 9. e3 O-O 10. Bg2 Qd3 11. Bf1 Qc2 12. Nc3 Bg4 13. Qf4 Bd6 14. Qa4 Qxa4
15. Nxa4 Bf3 16. Rg1 Bxc6 17. Nc3 Nd7 18. Bg2 Bxg2 19. Rxg2 c6 20. Ne4 Bc7 21.
b3 Be5 22. d4 f5 23. dxe5 fxe4 24. e6 Nc5 25. e7 Rf7 26. b4 Nd3+ 27. Kf1 Rxe7
28. f4 exf3 29. Rd2 Rxe3 30. Rd1 Nxc1 31. Raxc1 Re2 32. Rxc6 Rxh2 33. Kg1 Rxa2
34. Rcd6 Re8 35. Rd7 Rg2+ 36. Kf1 Ree2 37. Rxa7 Ref2+ 38. Ke1 Re2+ 39. Kf1 h6
40. Rd8+ Kh7 41. Rb7 Rb2 42. Ke1 Rg1# 0-1

[Event "Departementale Loire"]
[Site "?"]
[Date "2004.03.28"]
[Round "3"]
[White "Roche, Marius"]
[Black "Giroux, Sylvain"]
[Result "1-0"]
[WhiteElo "1700"]
[BlackElo "1399"]
[PlyCount "57"]

1. d4 d5 2. Nf3 Bf5 3. c3 Nf6 4. Nh4 Bd7 5. e3 Nc6 6. Bd3 e5 7. dxe5 Nxe5 8.
Nf3 Nxd3+ 9. Qxd3 Bg4 10. Nbd2 c6 11. O-O Bd6 12. b3 O-O 13. Bb2 Re8 14. Rac1
Ne4 15. Qc2 Nxd2 16. Nxd2 Qc7 17. h3 Bh2+ 18. Kh1 Bh5 19. f4 Bg3 20. Qd3 Qb6
21. e4 dxe4 22. Qxg3 e3 23. Nc4 Qc5 24. Ba3 Qb5 25. Nxe3 Be2 26. Rfe1 Bd3 27.
c4 Qa6 28. Bb2 f6 29. Bxf6 1-0

[Event "Departementale Loire"]
[Site "?"]
[Date "2004.03.28"]
[Round "3"]
[White "Carrot, Axel"]
[Black "Benchegra, Mohamed"]
[Result "0-1"]
[WhiteElo "1350"]
[BlackElo "1499"]
[PlyCount "114"]

1. d4 d5 2. Nf3 Nf6 3. Bf4 Bf5 4. e3 Nbd7 5. Bd3 Bg4 6. h3 Bxf3 7. Qxf3 e6 8.
O-O c6 9. Nc3 h6 10. Rfe1 Be7 11. a3 g6 12. e4 Nb6 13. exd5 Nbxd5 14. Nxd5 Qxd5
15. Qxd5 Nxd5 16. Bh2 Bf6 17. c4 Ne7 18. Be5 Bxe5 19. dxe5 Nf5 20. Bxf5 gxf5
21. Rad1 Rd8 22. Rxd8+ Kxd8 23. Rd1+ Ke7 24. f4 h5 25. b4 Rc8 26. Kf2 f6 27.
Kf3 fxe5 28. fxe5 c5 29. b5 Rg8 30. a4 h4 31. a5 Rg3+ 32. Kf2 Ra3 33. a6 bxa6
34. bxa6 Rxa6 35. Rb1 Ra2+ 36. Kg1 a5 37. Rb5 a4 38. Rxc5 Kd7 39. Ra5 a3 40.
Ra6 Ra1+ 41. Kf2 a2 42. c5 Kc7 43. Rxe6 Rc1 44. Ra6 a1=Q 45. Rxa1 Rxa1 46. g3
Ra4 47. gxh4 Rxh4 48. Kg3 Rh6 49. Kf4 Rxh3 50. Kxf5 Kd7 51. e6+ Ke7 52. Ke5
Rh5+ 53. Kd4 Kxe6 54. Kc4 Kd7 55. Kb5 Kc7 56. Ka6 Rxc5 57. Ka7 Ra5# 0-1

[Event "Departementale Loire"]
[Site "?"]
[Date "2004.03.28"]
[Round "3"]
[White "Gregoire, Patrick"]
[Black "Goudet, Maxence"]
[Result "1-0"]
[WhiteElo "1499"]
[BlackElo "1090"]
[PlyCount "69"]

1. e4 e5 2. Nf3 Nc6 3. Bc4 Nf6 4. Nc3 Bb4 5. d3 d5 6. exd5 Nxd5 7. Bd2 Nxc3 8.
bxc3 Bc5 9. Qe2 O-O 10. O-O Qd6 11. Ng5 Be6 12. Ne4 Qe7 13. Bxe6 fxe6 14. Bg5
Rf6 15. Bxf6 gxf6 16. Qg4+ Kh8 17. Nxc5 Qxc5 18. Qxe6 Kg7 19. Qd7+ Qe7 20. Qg4+
Kh8 21. Rab1 Rg8 22. Qc4 Qg7 23. g3 f5 24. Rxb7 Qd7 25. d4 f4 26. dxe5 f3 27.
e6 Qd2 28. Qxc6 Rg6 29. Qe8+ Kg7 30. Rxc7+ Kh6 31. Qf8+ Kh5 32. Rxh7+ Rh6 33.
Rxh6+ Qxh6 34. Qxh6+ Kxh6 35. e7 1-0

[Event "Departementale Loire"]
[Site "?"]
[Date "2004.03.28"]
[Round "3"]
[White "Paratcha, Yohan"]
[Black "Gregoire, Michele"]
[Result "1-0"]
[WhiteElo "1300"]
[BlackElo "1499"]
[PlyCount "118"]

1. e4 e6 2. d4 d5 3. exd5 Nf6 4. dxe6 Bxe6 5. Nf3 Bd6 6. Nc3 O-O 7. d5 Bg4 8.
Bc4 Qe7+ 9. Qe2 Qxe2+ 10. Bxe2 Re8 11. O-O h6 12. Be3 Nbd7 13. Bd4 c5 14. Bxf6
Nxf6 15. Rfe1 a6 16. b3 Bf5 17. Bd3 Bd7 18. h3 b5 19. Ne4 Nxe4 20. Bxe4 Rac8
21. c4 g6 22. a4 b4 23. Re2 Kg7 24. Rae1 f5 25. Bd3 Kf6 26. g4 a5 27. Nh4 Kg5
28. Nf3+ Kf6 29. gxf5 gxf5 30. Nh4 Rg8+ 31. Ng2 Rce8 32. Rxe8 Bxe8 33. Re6+ Kf7
34. Rxd6 f4 35. Be4 Ke7 36. Rb6 Kd8 37. Ra6 Bd7 38. Ra8+ Bc8 39. Bf5 Kc7 40.
Ra7+ Kd6 41. Bxc8 Rxc8 42. Nxf4 Rg8+ 43. Kf1 Ke5 44. Nd3+ Kd4 45. Nf4 Kc3 46.
d6 Kxb3 47. Rxa5 Kxc4 48. Ke1 b3 49. Kd2 Kb4 50. Ra6 Ka3 51. Kc1 Rg1+ 52. Kd2
b2 53. d7 b1=Q 54. d8=Q Qd1+ 55. Ke3 Qxd8 56. Ne2 Qe8+ 57. Kd2 Qd7+ 58. Ke3 Qb5
59. axb5+ Kb4 1-0

[Event "Departementale Loire"]
[Site "?"]
[Date "2004.03.28"]
[Round "3"]
[White "Carrot, Patrick"]
[Black "Marazian, Antoine"]
[Result "0-1"]
[WhiteElo "1740"]
[BlackElo "1860"]
[PlyCount "84"]

1. e4 g6 2. Nf3 Bg7 3. d4 e6 4. c4 Ne7 5. Nc3 O-O 6. Be2 d6 7. O-O Nd7 8. Bg5
h6 9. Be3 f5 10. Qd2 Kh7 11. d5 e5 12. exf5 gxf5 13. Qc2 Ng6 14. h3 Nf6 15. Nh2
Qe8 16. Nb5 Rf7 17. Rad1 f4 18. Bc1 a6 19. Nc3 Re7 20. Ne4 Qf7 21. c5 Nxe4 22.
Qxe4 Bf5 23. Qb4 dxc5 24. Qxb7 Rd8 25. Bc4 Rd6 26. Qb3 Bc8 27. Rfe1 Nf8 28. Nf3
Nd7 29. Qc2+ Kg8 30. Qe2 e4 31. Nd2 e3 32. fxe3 Rxe3 33. Qf1 Bd4 34. Kh1 Ne5
35. Nf3 Nxf3 36. Bxe3 fxe3 37. gxf3 Qf4 38. Qg2+ Kh8 39. Rg1 Rg6 40. Qh2 Qxf3+
41. Rg2 Qxd1+ 42. Rg1 e2 0-1

[Event "Departementale Loire"]
[Site "?"]
[Date "2004.03.28"]
[Round "3"]
[White "Bournez, Gerard"]
[Black "Gaillard, Pierre"]
[Result "0-1"]
[WhiteElo "1400"]
[BlackElo "1690"]
[PlyCount "78"]

1. e4 c5 2. Nc3 e6 3. d3 Nc6 4. Nf3 a6 5. d4 cxd4 6. Nxd4 Nf6 7. Nxc6 bxc6 8.
Bd3 Bb4 9. Bd2 a5 10. O-O Bb7 11. Qe2 O-O 12. h3 Qe7 13. a3 Bc5 14. Be3 Bxe3
15. Qxe3 d5 16. f3 Rfd8 17. exd5 cxd5 18. Qe5 Rac8 19. Kh1 Qc7 20. Qxc7 Rxc7
21. Rac1 h5 22. Nb5 Rcc8 23. a4 Kf8 24. b3 e5 25. c4 e4 26. fxe4 Nxe4 27. Bxe4
dxe4 28. c5 Bc6 29. Nd6 Rc7 30. Rfe1 Ba8 31. Kg1 g6 32. Nxe4 Rd3 33. Nd6 Bc6
34. Re2 Rxb3 35. Nc4 Bxa4 36. Nxa5 Rb5 37. Nc4 Rb4 38. Re4 Bb5 39. Ra1 Rxc4 0-1

[Event "Departementale Loire"]
[Site "?"]
[Date "2004.03.28"]
[Round "3"]
[White "Montroussier, Jacques"]
[Black "Rivolier, Jean-Loic"]
[Result "1-0"]
[WhiteElo "1520"]
[BlackElo "1370"]
[PlyCount "41"]

1. d4 d5 2. c4 dxc4 3. e4 e6 4. Bxc4 Nc6 5. Nf3 Nf6 6. Nc3 Bb4 7. Bd3 O-O 8. a3
Ba5 9. Bc2 Bb6 10. e5 Nd5 11. Qd3 g6 12. Bh6 Re8 13. O-O Nxc3 14. bxc3 Ne7 15.
Bg5 Qd7 16. Bf6 Nd5 17. Qd2 Nxf6 18. exf6 Kh8 19. Ne5 Qd5 20. Qh6 Rg8 21. Nxf7#
1-0

[Event "Departementale Loire"]
[Site "?"]
[Date "2004.03.28"]
[Round "3"]
[White "Thevenet, Olivier"]
[Black "Megnot, Philippe"]
[Result "1-0"]
[WhiteElo "1499"]
[BlackElo "1150"]
[PlyCount "58"]

1. d4 d5 2. c4 c6 3. Nc3 Nf6 4. Bg5 g6 5. Bxf6 exf6 6. e3 Bb4 7. Nf3 Bg4 8. Be2
Nd7 9. O-O O-O 10. cxd5 Bxc3 11. dxc6 bxc6 12. bxc3 Nb6 13. h3 Bf5 14. Re1 Qc7
15. c4 Rad8 16. c5 Nd5 17. Bc4 Nc3 18. Qb3 Ne4 19. Bd3 Rb8 20. Qc2 Qd7 21. Bxe4
Bxe4 22. Qxe4 f5 23. Qh4 h5 24. Ne5 Qe6 25. Qg3 Rb2 26. Qf3 Rc8 27. Rab1 Qxa2
28. Rxb2 Qxb2 29. Nxc6 Qb5 1-0

[Event "Departementale Loire"]
[Site "?"]
[Date "2004.03.28"]
[Round "3"]
[White "Garon, Pierre"]
[Black "Desassis, Jean-Francois"]
[Result "1-0"]
[WhiteElo "2009"]
[BlackElo "1320"]
[PlyCount "33"]

1. d4 Nf6 2. Nf3 e6 3. e3 b6 4. c3 Bb7 5. Bd3 d5 6. Nbd2 Bd6 7. O-O c5 8. Re1
c4 9. Bc2 b5 10. e4 dxe4 11. Ng5 e3 12. Rxe3 Nd5 13. Nxe6 Nxe3 14. Nxd8 Nxd1
15. Nxb7 Nxf2 16. Nxd6+ Ke7 17. Nf5+ 1-0

[Event "Departementale Loire"]
[Site "?"]
[Date "2004.03.28"]
[Round "3"]
[White "Mialon, Franck"]
[Black "Mujic, Saban"]
[Result "0-1"]
[WhiteElo "1290"]
[BlackElo "1940"]
[PlyCount "30"]

1. e4 e5 2. f4 d5 3. exd5 exf4 4. Nf3 Qxd5 5. Nc3 Qd8 6. Be2 Bc5 7. d4 Bd6 8.
O-O Nf6 9. Re1 O-O 10. Bc4 Bg4 11. Qd3 Bxf3 12. Qxf3 Nc6 13. Qf2 Ng4 14. Qd2 f3
15. g3 f2+ 0-1

[Event "Departementale Loire"]
[Site "?"]
[Date "2004.03.28"]
[Round "3"]
[White "Bellon, Yves"]
[Black "Desassis, Maxence"]
[Result "1-0"]
[WhiteElo "1880"]
[BlackElo "1430"]
[PlyCount "49"]

1. c4 c5 2. Nf3 Nc6 3. d4 cxd4 4. Nxd4 Nxd4 5. Qxd4 Nf6 6. e4 d6 7. Nc3 e5 8.
Qd3 Be7 9. Be2 O-O 10. O-O a6 11. Be3 Ng4 12. Bxg4 Bxg4 13. f3 Be6 14. b3 Bh4
15. Rfd1 Be7 16. Rd2 f5 17. Rad1 f4 18. Bf2 a5 19. Nb5 Bd7 20. Nxd6 Qc7 21.
Qd5+ Kh8 22. Nf7+ Kg8 23. Nh6+ Kh8 24. Qg8+ Rxg8 25. Nf7# 1-0

[Event "Departementale Loire"]
[Site "?"]
[Date "2004.03.28"]
[Round "3"]
[White "Gidrol, Celine"]
[Black "Bednar, Emile"]
[Result "0-1"]
[WhiteElo "1009"]
[BlackElo "1840"]
[PlyCount "36"]

1. d4 f5 2. g3 Nf6 3. Bf4 e6 4. Nf3 d5 5. Nc3 Bb4 6. Bh3 Ne4 7. O-O Bxc3 8.
bxc3 O-O 9. Qe1 Nd7 10. Bg5 Nxg5 11. Nxg5 Qxg5 12. Rc1 Nf6 13. g4 fxg4 14. Bg2
Nh5 15. Qd1 Nf4 16. e3 Nh3+ 17. Bxh3 gxh3+ 18. Kh1 Qg2# 0-1

[Event "Departementale Loire"]
[Site "?"]
[Date "2004.03.28"]
[Round "4"]
[White "Adamus, Jeremy"]
[Black "Bec, William"]
[Result "1-0"]
[WhiteElo "1910"]
[BlackElo "2089"]
[PlyCount "55"]

1. d4 Nf6 2. Nf3 g6 3. c4 Bg7 4. Nc3 O-O 5. Bf4 d6 6. e4 Nc6 7. Be2 Nh5 8. Be3
a6 9. O-O Bd7 10. Rc1 f5 11. exf5 gxf5 12. d5 Nb8 13. Qb3 b6 14. Nd4 Nf6 15.
Bd3 Ng4 16. Nce2 f4 17. Bd2 Qe8 18. Qc2 Qh5 19. h3 Be5 20. hxg4 Bxg4 21. f3 Bc8
22. Ne6 Bxe6 23. dxe6 Nc6 24. Bc3 Rf6 25. Bxe5 Nxe5 26. Nc3 Rh6 27. Kf2 Nxf3
28. gxf3 1-0